00305nam a2200109Ia 4500008004100000082000800041100001400049245001600063942000600079952009500085999001500180240331s9999 xx 000 0 und d bROD aRodrigo,S 0aNarilathawa cL 001040708LaWERCLbWERCLcSSCd2024-03-31l0o 305 RODp4850r2024-03-31w2024-03-31yL c1411d1411